Maailman valtiot minuutissa - Statistics

Yleistilastot
  • Tätä visaa on pelattu 1 404 kertaa
    1 349 viimeisimmän päivityksen jälkeen
  • Keskiarvotulos 24 / 197
Vastaustilastot
Maailman valtiot % Oikein
Suomi
95%
Ruotsi
90%
Norja
79%
Saksa
64%
Venäjä
64%
Yhdysvallat
63%
Viro
62%
Tanska
60%
Ranska
59%
Latvia
57%
Kiina
56%
Islanti
54%
Liettua
52%
Kanada
50%
Japani
44%
Espanja
43%
Italia
41%
Irlanti
35%
Puola
33%
Intia
28%
Meksiko
28%
Australia
27%
Kreikka
24%
Portugali
24%
Brasilia
22%
Irak
22%
Iran
22%
Yhdistynyt Kuningaskunta
22%
Alankomaat
20%
Belgia
20%
Ukraina
18%
Andorra
16%
Sveitsi
16%
Unkari
16%
Albania
15%
Argentiina
15%
Itävalta
15%
Kongon demokraattinen tasavalta
15%
Kongon tasavalta
15%
Laos
15%
Turkki
15%
Malta
14%
Oman
14%
Peru
14%
Thaimaa
14%
Togo
14%
Egypti
13%
Mali
13%
Chile
12%
Jemen
12%
Kuuba
12%
Mongolia
12%
Slovakia
12%
Valko-Venäjä
12%
Algeria
11%
Monaco
11%
Nauru
11%
Tšad
11%
Tšekki
11%
Bulgaria
10%
Haiti
10%
Israle
10%
Niger
10%
Romania
10%
Serbia
10%
Vatikaani
10%
Vietnam
10%
Afganistan
9%
Benin
9%
Indonesia
9%
Kenia
9%
Kosovo
9%
Libya
9%
Slovenia
9%
Taiwan
9%
Etelä-Korea
8%
Ghana
8%
Kroatia
8%
Moldova
8%
Nepal
8%
Nigeria
8%
Palau
8%
Sudan
8%
Tonga
8%
Uusi Seelanti
8%
Angola
7%
Bhutan
7%
Jamaika
7%
Marokko
7%
Syyria
7%
Armenia
6%
Belize
6%
Bolivia
6%
Bosnia ja Herzegovina
6%
Etiopia
6%
Gambia
6%
Kazakstan
6%
Kolumbia
6%
Kypros
6%
Luxemburg
6%
Montenegro
6%
Pakistan
6%
Panama
6%
Pohjois Korea
6%
Qatar
6%
Samoa
6%
San Marino
6%
Somalia
6%
Tuvalu
6%
Brunei
5%
Etelä-Afrikka
5%
Fidzi
5%
Gabon
5%
Guinea
5%
Honduras
5%
Malawi
5%
Namibia
5%
Tansania
5%
Tunisia
5%
Uruguay
5%
Bahama
4%
Bahrain
4%
Filippiinit
4%
Kuwait
4%
Liberia
4%
Liechtenstein
4%
Makedonia
4%
Malesia
4%
Sambia
4%
Sri Lanka
4%
Uganda
4%
Vanuatu
4%
Antigua ja Barbuda
3%
Azerbaidzan
3%
Barbados
3%
Burundi
3%
Ecuador
3%
Eritrea
3%
Guatemala
3%
Jordania
3%
Kambodza
3%
Kirgisia
3%
Kiribati
3%
Lesotho
3%
Madagaskar
3%
Mauritania
3%
Paraguay
3%
Ruanda
3%
Sao Tome ja Principe
3%
Saudi Arabia
3%
Senegal
3%
Singapore
3%
Suriname
3%
Uzbekistan
3%
Bangladesh
2%
Costa Rica
2%
Djibouti
2%
Dominica
2%
El Salvador
2%
Etelä-Sudan
2%
Georgia
2%
Grenada
2%
Guyana
2%
Itä-Timor
2%
Kamerun
2%
Kap Verde
2%
Libanon
2%
Malediivit
2%
Mikronesia
2%
Mosambik
2%
Myanmar
2%
Nicaragua
2%
Saint Kitts ja Nevis
2%
Saint Lucia
2%
Saint Vincent ja Grenadiinit
2%
Sierra Leone
2%
Trinidad ja Tobago
2%
Venezuela
2%
Zimbabwe
2%
Arabiemiirikunnat
1%
Botswana
1%
Burkina Faso
1%
Dominikaaninen tasavalta
1%
Guinea-Bissau
1%
Keski-Afrikan tasavalta
1%
Komorit
1%
Mauritius
1%
Norsunluurannikko
1%
Palestiina
1%
Salomonsaaret
1%
Seychellit
1%
Swazimaa
1%
Tadzikistan
1%
Turkmenistan
1%
Marshallinsaaret
0%
Päiväntasaajan Guinea
0%
Papua Uusi Guinea
0%
Ehtoja vastaavia visoja ei löytynyt
Tulosjakauma
Jokaisen tuloksen saaneiden osuus
Persentiili vastausten määrän mukaan
Tuloshistoriasi
Et ole pelannut tätä visaa sen viimeisimmän päivityksen jälkeen